Rajdhani weekly supplement: Delhi State (Record no. 1327844)

MARC details
000 -LEADER
fixed length control field 00542nam a2200193Ia 4500
005 - DATE AND TIME OF LATEST TRANSACTION
control field 20250508151136.0
008 - FIXED-LENGTH DATA ELEMENTS--GENERAL INFORMATION
fixed length control field 008 250505s9999 xx 000 0 eng d
037 ## - SOURCE OF ACQUISITION
Stock number Textual
040 ## - CATALOGING SOURCE
Original cataloging agency FEDL
Language of cataloging eng
Transcribing agency FEDL
041 ## - LANGUAGE CODE
Language code of text/sound track or separate title eng
Source of code eng
084 ## - COLON CLASSIFICATION NUMBER
Classification number 050, RAJ
Assigning agency FEDL
100 ## - MAIN ENTRY--PERSONAL NAME
Personal name Seth Kanwar Kishore
9 (RLIN) 758509
245 #0 - TITLE STATEMENT
Title Rajdhani weekly supplement: Delhi State
260 ## - PUBLICATION, DISTRIBUTION, ETC.
Place of publication, distribution, etc. Delhi, India
Name of publisher, distributor, etc. Municipal Press
Date of publication, distribution, etc. 1953
300 ## - PHYSICAL DESCRIPTION
Extent 127p.
650 ## - SUBJECT ADDED ENTRY--TOPICAL TERM
Topical term or geographic name entry element Serial-Index
9 (RLIN) 758417
942 ## - ADDED ENTRY ELEMENTS (KOHA)
Koha item type Textual
Classification part 050, RAJ
Holdings
Withdrawn status Lost status Damaged status Not for loan Home library Current library Date acquired Total Checkouts Full call number Barcode Date last seen Price effective from Koha item type
        Department of Education Library Department of Education Library 2025-05-08   050, RAJ EL0008026 2025-05-08 2025-05-08 Textual
Copyright @ Delhi University Library System